LEADER 02624nam0 22005173i 450 001 NAP0465686 005 20251003044252.0 010 $a9780123747051 100 $a20090619d2009 ||||0itac50 ba 101 | $aeng 102 $anl 181 1$6z01$ai $bxxxe 182 1$6z01$an 200 1 $aRenewable energy focus handbook$f[Bent Sorensen] ... [et al.] 210 $aAmsterdam [etc.]$cAcademic press$dİ2009 215 $aVII, 519 p.$cill.$d29 cm 300 $aBiografie degli AA.: P. VII-[VIII]. 606 $aFonti energetiche$xUtilizzazione$2FIR$3CFIC059841$9E 606 $aFonti rinnovabili di energia$2FIR$3LO1C902890$9E 676 $a333.79$9Energia$v14 676 $a333.794$9Risorse di energia rinnovabili$v22 696 $aUtilizzo$aFonti d'energia$aRisorse energetiche$aFonti di energia$aSorgenti d'energia$aSorgenti di energia 696 $aFonti energetiche rinnovabili$aEnergie minori$aEnergie alternative$aEnergie rinnovabili$aRisorse energetiche alternative$aRisorse energetiche rinnovabili$aFonti alternative di energia$aFonti energetiche alternative 699 $aUtilizzazione$yUtilizzo 699 $aFonti energetiche$yFonti d'energia 699 $aFonti energetiche$yRisorse energetiche 699 $aFonti energetiche$yFonti di energia 699 $aFonti energetiche$ySorgenti d'energia 699 $aFonti energetiche$ySorgenti di energia 699 $aFonti rinnovabili di energia$yFonti energetiche rinnovabili 699 $aFonti rinnovabili di energia$yEnergie minori 699 $aFonti rinnovabili di energia$yEnergie alternative 699 $aFonti rinnovabili di energia$yEnergie rinnovabili 699 $aFonti rinnovabili di energia$yRisorse energetiche alternative 699 $aFonti rinnovabili di energia$yRisorse energetiche rinnovabili 699 $aFonti rinnovabili di energia$yFonti alternative di energia 699 $aFonti rinnovabili di energia$yFonti energetiche alternative 702 1$aSorensen$b, Bent$f <1941- >$3MILV146375 801 3$aIT$bIT-000000$c20090619 850 $aIT-BN0095 901 $bNAP 01$cSALA DING $n$ 912 $aNAP0465686 950 0$aBiblioteca Centralizzata di Ateneo$b1 v. (2. copia)$c1 v. in due copie$d 01SALA DING 333.79 RENEFH$e 0102 0000073595 VMA A4 1 v.$fY $h20090617$i20090617$b1 v. (2. copia)$c1 v. in due copie$d 01SALA DING 333.79 RENEFH$e 0102 0000073605 VMA A4(bis 1 v. (2. copia)$fY $h20090617$i20090617 977 $a 01 996 $aRenewable energy focus handbook$91396385 997 $aUNISANNIO